La energía (Record no. 16109)

MARC details
000 -LEADER
campo de control de longitud fija 01149nmm a2200361 a 4500
003 - IDENTIFICADOR DE NÚMERO DE CONTROL
campo de control AR-BaBNM
005 - FECHA Y HORA DE LA ÚLTIMA TRANSACCIÓN
campo de control 20251128210609.0
008 - DATOS DE LONGITUD FIJA--INFORMACIÓN GENERAL
campo de control de longitud fija 190020s1999 ||||||||||||||000 | spa||
040 ## - FUENTE DE CATALOGACIÓN
Centro/agencia transcriptor AR-BaBNM
100 1# - ENTRADA PRINCIPAL--NOMBRE DE PERSONA
Nombre de persona Casali, Amalia
245 10 - MENCIÓN DEL TÍTULO
Título La energía
Resto del título generadora de vida
260 ## - PUBLICACIÓN, DISTRIBUCIÓN, ETC.
Lugar de publicación, distribución, etc. Neuquén
Nombre del editor, distribuidor, etc. EPEN
-- CPE
Fecha de publicación, distribución, etc. 1999
300 ## - DESCRIPCIÓN FÍSICA
Extensión 68 p.
Otros detalles físicos il., gráfs., tablas
500 ## - NOTA GENERAL
Nota general EPEN: Ente Provincial de Energía del Neuquén
500 ## - NOTA GENERAL
Nota general CPE: Consejo Provincial de Educación
500 ## - NOTA GENERAL
Nota general Este material forma parte del Programa Educativo de Energías Renovables y Uso Racional de la Energía
650 #4 - PUNTO DE ACCESO ADICIONAL DE MATERIA--TÉRMINO DE MATERIA
Término de materia o nombre geográfico como elemento de entrada EDUCACION AMBIENTAL
650 #4 - PUNTO DE ACCESO ADICIONAL DE MATERIA--TÉRMINO DE MATERIA
Término de materia o nombre geográfico como elemento de entrada ENERGIA
650 #4 - PUNTO DE ACCESO ADICIONAL DE MATERIA--TÉRMINO DE MATERIA
Término de materia o nombre geográfico como elemento de entrada RECURSOS NATURALES
650 #4 - PUNTO DE ACCESO ADICIONAL DE MATERIA--TÉRMINO DE MATERIA
Término de materia o nombre geográfico como elemento de entrada PROGRAMAS DE EDUCACION
650 #4 - PUNTO DE ACCESO ADICIONAL DE MATERIA--TÉRMINO DE MATERIA
Término de materia o nombre geográfico como elemento de entrada ACTIVIDADES DE APRENDIZAJE
650 #4 - PUNTO DE ACCESO ADICIONAL DE MATERIA--TÉRMINO DE MATERIA
Término de materia o nombre geográfico como elemento de entrada TECNICAS DIDACTICAS
651 #4 - PUNTO DE ACCESO ADICIONAL DE MATERIA--NOMBRE GEOGRÁFICO
Nombre geográfico Neuquén
653 ## - TÉRMINO DE INDIZACIÓN--NO CONTROLADO
Término no controlado TEMAS TRANSVERSALES
653 ## - TÉRMINO DE INDIZACIÓN--NO CONTROLADO
Término no controlado ENSEÑANZA DE LAS CIENCIAS NATURALES
653 ## - TÉRMINO DE INDIZACIÓN--NO CONTROLADO
Término no controlado EDUCACION TECNOLOGICA
700 1# - ENTRADA AGREGADA--NOMBRE PERSONAL
Nombre de persona Grinner, Beatriz
700 1# - ENTRADA AGREGADA--NOMBRE PERSONAL
Nombre de persona Abad, alida
Término indicativo de función/relación revisión
700 1# - ENTRADA AGREGADA--NOMBRE PERSONAL
Nombre de persona Ferragut, Mirta
Término indicativo de función/relación revisión
700 1# - ENTRADA AGREGADA--NOMBRE PERSONAL
Nombre de persona Pedro, Graciela
Término indicativo de función/relación revisión
942 ## - ELEMENTOS DE ENTRADA SECUNDARIOS (KOHA)
Tipo de ítem Koha Libros
998 ## - INFORMACIÓN DE CONTROL LOCAL (RLIN)
Iniciales del catalogador, CIN (RLIN) Raquel
Holdings
Estatus retirado Estado de pérdida Fuente de la clasificación o esquema de estantería Estado de daño Restricciones de uso No para préstamo Biblioteca de origen Biblioteca actual Fecha de adquisición Total de préstamos Signatura topográfica completa Código de barras Visto por última vez Precio de reemplazo Tipo de ítem Koha
    Clasificación Decimal Dewey   Acceso restringido No para préstamo Liberty Liberty 28/11/2025   372.85 CASA 2 124072 28/11/2025 28/11/2025 Libros